[Event "TUR Cup"]
[Site "Ankara"]
[Date "2021.12.12"]
[Round "9"]
[White "Arkac, Alp"]
[Black "Tuganli, Uzay Canhur"]
[Result "0-1"]
[WhiteElo "1433"]
[BlackElo "1795"]
[PlyCount "86"]
[EventDate "2021.12.08"]
[EventType "swiss"]
[EventRounds "9"]
[EventCountry "TUR"]
[SourceTitle "CBM 205 Extra"]
[Source "ChessBase"]
[SourceDate "2022.01.31"]
[SourceVersion "1"]
[SourceVersionDate "2022.01.31"]
[SourceQuality "1"]

1. e4 c6 2. d4 d5 3. e5 Bf5 4. Nf3 e6 5. Be2 c5 6. c3 Nc6 7. 0-0 Bg6 8. Qb3 Qb6 9. Qa4 cxd4 10. Nxd4 Bc5 11. Be3 Nge7 12. b4 Bxd4 13. Bxd4 Qd8 14. f4 0-0 15. Bf2 f6 16. b5 Nb8 17. Nd2 fxe5 18. fxe5 Nd7 19. Nf3 Qc7 20. Bd4 Bh5 21. Rae1 h6 22. h3 Nc5 23. Bxc5 Qxc5+ 24. Qd4 Rac8 25. Qxc5 Rxc5 26. Nd4 Rxf1+ 27. Kxf1 Bxe2+ 28. Kxe2 Rxc3 29. Nxe6 Ng6 30. Rd1 Nxe5 31. Rxd5 Nc4 32. Nf4 Ra3 33. Rd8+ Kh7 34. h4 Rxa2+ 35. Kf3 Ra5 36. h5 Rxb5 37. Ng6 Ne5+ 38. Nxe5 Rxe5 39. Rb8 Rb5 40. g4 Rb4 41. Rc8 a5 42. Ke3 Rxg4 43. Rc5 Rg5 0-1

[Event "Ankara op 02"]
[Site "Ankara"]
[Date "2020.02.15"]
[Round "3"]
[White "Cevizci, Yusuf Baran"]
[Black "Arkac, Alp"]
[Result "1-0"]
[WhiteElo "1779"]
[BlackElo "1388"]
[PlyCount "97"]
[EventDate "2020.02.14"]
[EventType "swiss"]
[EventRounds "7"]
[EventCountry "TUR"]
[SourceTitle "CBM 195 Extra"]
[Source "ChessBase"]
[SourceDate "2020.05.31"]
[SourceVersion "1"]
[SourceVersionDate "2020.05.31"]
[SourceQuality "1"]

1. e4 c5 2. c3 e5 3. Nf3 d6 4. Bc4 h6 5. 0-0 Nf6 6. Re1 Be7 7. d4 exd4 8. e5 dxe5 9. Nxe5 0-0 10. Nxf7 Rxf7 11. Qb3 Nc6 12. Bxf7+ Kh8 13. Bg6 b6 14. Nd2 Bb7 15. c4 Bd6 16. Nf3 Qc7 17. Bd2 Ne7 18. Bc2 b5 19. Bd1 bxc4 20. Qxc4 Bd5 21. Qd3 Qb7 22. Nh4 Be4 23. Rxe4 Qxe4 24. Qxe4 Nxe4 25. Bf3 Nxd2 26. Bxa8 Nc4 27. b3 Ne5 28. Be4 g6 29. Kf1 Kg7 30. h3 Kf6 31. Ke2 Nf7 32. Nf3 Nd8 33. Nd2 Ne6 34. g3 Nc8 35. Nc4 Be7 36. Re1 Nc7 37. Kd3 Nb5 38. Bc6 Nc3 39. Bd7 Nb6 40. Re6+ Kf7 41. Ne5+ Kf8 42. Nxg6+ Kf7 43. Ne5+ Kf8 44. Ng6+ Kf7 45. Rxe7+ Kxg6 46. Be8+ Kf6 47. Rf7+ Ke6 48. Rxa7 Nb1 49. Ra6 1-0